MARC

LEADER 00000nam0a2200000 4500
001 144829
005 20231031143827.0
010 |a 1580536573 
035 |a (RuTPU)RU\TPU\book\156974 
090 |a 144829 
100 |a 20081009d2006 k y0engy50 ba 
101 0 |a eng 
102 |a US 
105 |a a z 001zy 
200 1 |a The Physical Layer of Communications Systems  |f R. A. Thompson [и др.] 
210 |a Boston  |c Artech House  |d 2006 
320 |a References at the end of chapters. 
320 |a Index: p. 851-876. 
610 1 |a связь 
610 1 |a системы связи 
610 1 |a электросвязь 
610 1 |a физические свойства 
610 1 |a английский язык 
675 |a 621.39:53  |v 3 
700 1 |a Thompson  |b R. A.  |g Richard A. 
701 1 |a Tipper  |b D.  |g David 
701 1 |a Krishnamurthy  |b P.  |g Prashant 
701 1 |a Kabara  |b J.  |g Joseph 
801 1 |a RU  |b 63413507  |c 20081009  |g PSBO 
801 2 |a RU  |b 63413507  |c 20081029  |g PSBO 
942 |c BK